| 000 | 00725nam a22001817a 4500 | ||
|---|---|---|---|
| 005 | 20240101143232.0 | ||
| 010 | _aHIN-126555 | ||
| 020 |
_a9789389625066 _c400.00 |
||
| 035 | _aHN-98901 | ||
| 037 | _bDBAD/PUB | ||
| 082 | _aक | ||
| 100 |
_aअनिल शूर आजाद _960506 |
||
| 245 |
_aमेरी प्रिय लघुकथाये / _cअनिल शूर आजाद |
||
| 260 |
_aदिल्ली _bमोनिका प्रकाशन _c2020 |
||
| 270 |
_a600/5-ए आदर्श मोहल्ला गली न 15 मौजपुर _bदिल्ली _e110053 |
||
| 300 |
_a112 पृ.; _c23 सेमी.(सजिल्द) |
||
| 942 |
_2ddc _cHN _hक _mअनिल |
||
| 999 |
_c199924 _d199924 |
||